Cyprus : a handbook on the island's past and present
Αποθηκεύτηκε σε:
| Μορφή: | Βιβλίο |
|---|---|
| Γλώσσα: | English |
| Δημοσίευση: |
Nicosia :
Publications Department, Greek Communal Chamber,
1964
|
| Έκδοση: | 2nd ed. |
| Θέματα: | |
| Ετικέτες: |
Προσθήκη ετικέτας
Δεν υπάρχουν, Καταχωρήστε ετικέτα πρώτοι!
|
MARC
| LEADER | 00000nam a2200000 i 4500 | ||
|---|---|---|---|
| 001 | 1/87218 | ||
| 008 | 970408s1964 eng d | ||
| 035 | |a 1993 |b 1 |c Δωρεά |l 10035182 | ||
| 040 | |a GR-MY-UA |b gre |e aacr | ||
| 041 | 0 | |a eng | |
| 082 | 0 | |a 956.45 | |
| 245 | 1 | 0 | |a Cyprus : |b a handbook on the island's past and present |
| 250 | |a 2nd ed. | ||
| 260 | |a Nicosia : |b Publications Department, |b Greek Communal Chamber, |c 1964 | ||
| 300 | |a 307 p. | ||
| 651 | 0 | |a Cyprus. | |
| 852 | |a INST |b RHODES |e 19970408 |h 956.45 CYP |p 005400010290 |q 005400010290 |t BK |y 0 | ||
| 909 | |a Ρ |b 024644 |c 1993 | ||